Ústavy států Evropské unie díl první
Saved in:
| Format: | Book |
|---|---|
| Language: | Czech |
| Published: |
Praha
Linde
2004
|
| Edition: | 2. vyd. |
| Subjects: | |
| Tags: |
No Tags, Be the first to tag this record!
|
MARC
| LEADER | 00000nam a2200000 4500 | ||
|---|---|---|---|
| 001 | 0023144 | ||
| 005 | 20240315114737.4 | ||
| 020 | |a 80-7201-466-8 | ||
| 041 | 0 | |a cze | |
| 044 | |a CZ | ||
| 245 | 1 | 0 | |a Ústavy států Evropské unie |b díl první |
| 250 | |a 2. vyd. | ||
| 264 | 1 | |a Praha |b Linde |c 2004 | |
| 300 | |a 795 s. | ||
| 610 | 2 | 0 | |a ústava |
| 610 | 2 | 0 | |a legislatíva |
| 610 | 2 | 0 | |a právo ústavné |
| 610 | 2 | 0 | |a predpisy právne |
| 610 | 2 | 0 | |a zákony |
| 610 | 2 | 0 | |a štát |
| 610 | 2 | 0 | |a integrácia |
| 610 | 2 | 0 | |a Európa |
| 610 | 2 | 0 | |a Európska únia |
| 610 | 2 | 0 | |a Belgicko |
| 610 | 2 | 0 | |a Dánsko |
| 610 | 2 | 0 | |a Fínsko |
| 610 | 2 | 0 | |a Francúzsko |
| 610 | 2 | 0 | |a Írsko |
| 610 | 2 | 0 | |a Taliansko |
| 610 | 2 | 0 | |a Luxembursko |
| 610 | 2 | 0 | |a Nemecko |
| 610 | 2 | 0 | |a Holandsko |
| 610 | 2 | 0 | |a Portugalsko |
| 610 | 2 | 0 | |a Rakúsko |
| 610 | 2 | 0 | |a Grécko |
| 610 | 2 | 0 | |a Španielsko |
| 610 | 2 | 0 | |a Švédsko |
| 610 | 2 | 0 | |a Veľká Británia |